LDR 01077naa#a2200217#i#450# 001 RU\\bibl\119960 005 20260603095449.3 011 ## _a2500-4026 100 ## _a20200630b2020####ek#y0rusy0150####ca 101 0# _aRUS 102 ## _aRU 200 1# _aРЕЗУЛЬТАТЫ, ПОЛУЧЕННЫЕ ПРИ ВНЕДРЕНИИ ЭЛЕКТРОФИЛЬТРА В СИСТЕМУ ВЕНТИЛЯЦИИ КОМБИКОРМОВОГО ЗАВОДА ДЛЯ ПРЕДОТВРАЩЕНИЯ ПЫЛЕВЫХ ВЗРЫВОВ _eЖурнальная статья 210 1# _aЖелезногорск _cФГБОУ ВО Сибирская пожарно-спасательная академия ГПС МЧС России _d2020 215 ## _a6 с. 608 ## _aЖурнальная статья _2local 675 ## _aПредотвращение несчастных случаев. Защита и безопасность. 614.8.084 _zRUS 700 #1 _aЕдимичев _gД А 700 #1 _aМинкин _gА Н 700 #1 _aМасаев _gС Н 700 #1 _aТарасова _gЯ А 856 4# _avestnik-sibpsa.editorum.ru _u